Subsidizing the Federal German Economy Figures and Facts, 1973-1984

Na minha lista:
Detalhes bibliográficos
Autor principal: Jüttemeier, Karl H.
Formato: Livro
Idioma:inglês
Publicado em: Kiel Institut für Weltwirtschaft 1987
Edição:1. ed.
Colecção:Working Paper No.279
Tags: Adicionar Tag
Sem tags, seja o primeiro a adicionar uma tag!

MARC

LEADER 00000nam a2200000 4500
001 c025669
005 20221219120706.0
041 0 |a eng 
044 |a DE 
245 1 0 |a Subsidizing the Federal German Economy  |b Figures and Facts, 1973-1984  |c Karl H. Jüttemeier 
250 |a 1. ed. 
264 1 |a Kiel  |b Institut für Weltwirtschaft  |c 1987 
300 |a 33 s. 
490 1 |a Working Paper  |v No.279 
830 0 |a Working Paper  |v No.279 
100 1 |a Jüttemeier, Karl H.